MOTHER (Record no. 5352)
[ view plain ]
| 000 -LEADER | |
|---|---|
| fixed length control field | 00289nam a22001457a 4500 |
| 020 ## - INTERNATIONAL STANDARD BOOK NUMBER | |
| ISBN | 93-80884-87-7 |
| 082 ## - DEWEY DECIMAL CLASSIFICATION NUMBER | |
| Classification number | 920 |
| Item number | AMH/H |
| 100 ## - MAIN ENTRY--AUTHOR NAME | |
| Personal name | EBHRAHAM . T.M |
| 245 ## - TITLE STATEMENT | |
| Title | MOTHER |
| 260 ## - PUBLICATION, DISTRIBUTION, ETC. (IMPRINT) | |
| Place of publication | THRISSUR |
| Name of publisher | GREENBOOKS |
| Year of publication | 2012 |
| 300 ## - PHYSICAL DESCRIPTION | |
| Number of Pages | 72 |
| 500 ## - GENERAL NOTE | |
| General note | NOVEL |
| 505 ## - FORMATTED CONTENTS NOTE | |
| Formatted contents note | NOVEL |
| 942 ## - ADDED ENTRY ELEMENTS (KOHA) | |
| Koha item type | Books |
| Withdrawn status | Lost status | Collection code | Home library | Current library | Shelving location | Date acquired | Source of acquisition | Cost, normal purchase price | Full call number | Accession Number | Koha item type |
|---|---|---|---|---|---|---|---|---|---|---|---|
| Fiction | Main Library | Main Library | SHELF-16- K- MALAYALAM NOVELS,TRAVALOGUES | 02/12/2013 | Purchase | 60.00 | 920 AMH/H | 07169 | Books |